000 00307nam a22001337a 4500
008 170621b xxu||||| |||| 00| 0 eng d
020 _a9780822322382
041 _aeng
080 _a32
100 _a20
101 _aSHP
245 _aTHE STRUGLE FOR LAND AND DEMOCRACY
_cHARVEY.
942 _2udc
_cBK
999 _c18446
_d18446